Stack the Countries - Statistics

General Stats
  • This quiz has been taken 138 times
  • The average score is 9 of 15
Answer Stats
Picture Answer % Correct
Kazakhstan
88%
Romania
79%
Chad
74%
Croatia
72%
Guinea
69%
Belize
65%
Honduras
62%
Azerbaijan
60%
Burundi
56%
Moldova
55%
Malta
49%
Comoros
48%
Sierra Leone
48%
Samoa
47%
Grenada
46%
No matching quizzes found
Score Distribution
Percent of People with Each Score
Percentile by Number Answered
Your Score History
You have not taken this quiz